000 00325 a2200157 4500
001 180482
020 _a
040 _cMagnum
100 _aCheida, Luiz Eduardo
240 1 0 _aEcologia vivenciada
_lpor
245 1 0 _aEcologia vivenciada
362 0 _a1899
440 1 _aFTD
697 _aMAGNITO: ECOLOGIA
942 _cBK
999 _c180482
_d180482